000 00426 a2200169 4500
020 _a9780545239899 (pbk.)
020 _a0545239893 (pbk.)
041 _aspa
100 _aKlein Abby
245 1 0 _aCrisis de talento
260 _a New York : Scholastic Inc., 2010.
300 _a95 pages : illustrations ;
_c20 cm.
440 _a Listo, Calixto!;
440 _aReady, Freddy!
700 _aMcKinley, John.
942 _cBK
999 _c8190
_d8190